| 000 | 00961cab a2200265 4500 | ||
|---|---|---|---|
| 001 | ABS46749 | ||
| 008 | 090401t1992 xxu||||| |||| 00| 0 eng d | ||
| 035 | _a(Sirsi) u59418 | ||
| 041 | _aeng | ||
| 100 | _aMackintosh, S. | ||
| 245 | _aRole of the private sector in housing renewal | ||
| 260 | _c1992 | ||
| 350 | _a0 | ||
| 490 |
_aHousing Studies _v7(3) 1992, 205-215(11) |
||
| 520 | _aDiscusses the influence of the Neighbourhood Revitalisation Services (NRS) initiatives introduced in the UK in the 1980s based on a concept of the Neighborhood Housing Services (NHS) scheme in the USA aimed at encouraging private sector involvement in inner city housing renewal initiatives. References. | ||
| 650 | _aINNER CITIES | ||
| 650 | _aNEIGHBOURHOOD REVITALISATION SERVICES | ||
| 650 | _aPRIVATE SECTOR | ||
| 650 | _aSLUM CLEARANCE | ||
| 650 | _aSOCIAL HOUSING | ||
| 690 | _aHOUSING | ||
| 700 | _aLeather, P. | ||
| 942 | _n0 | ||
| 948 | _c04/03/1997 | ||
| 999 |
_c36456 _d36456 |
||